[Event "Texas Amateur-ch"]
[Site "Dallas"]
[Date "2003.05.24"]
[Round "2"]
[White "Davila, Gilbert"]
[Black "Dixon, Mark"]
[Result "1/2-1/2"]
[WhiteElo "1729"]
[BlackElo "1900"]
[PlyCount "56"]
[EventDate "2003.05.23"]
[EventType "swiss"]
[EventRounds "7"]
[EventCountry "USA"]
[SourceTitle "EXT 2005"]
[Source "ChessBase"]
[SourceDate "2004.11.15"]
[SourceVersion "1"]
[SourceVersionDate "2004.11.15"]
[SourceQuality "1"]

1. d4 d5 2. c4 Nc6 3. cxd5 Qxd5 4. e3 e5 5. Nc3 Bb4 6. Bd2 Bxc3 7. bxc3 exd4 8. cxd4 Nf6 9. Ne2 Ne4 10. Nc3 Nxc3 11. Bxc3 0-0 12. Qf3 Qxf3 13. gxf3 Ne7 14. e4 Re8 15. Bc4 Nf5 16. 0-0-0 Nd6 17. Bb3 Nb5 18. Kc2 Nxc3 19. Kxc3 c6 20. Rhe1 Be6 21. f4 Bxb3 22. Kxb3 Re6 23. f5 Rh6 24. d5 cxd5 25. Rxd5 Rc8 26. a4 Kf8 27. e5 Rb6+ 28. Rb5 Rxb5+ 1/2-1/2